Elements of parallel computing (Record no. 342)

MARC details
000 -LEADER
Fixed length control field 00425nam a22001697a 4500
003 - CONTROL NUMBER IDENTIFIER
Control field SEACOMMC
005 - DATE AND TIME OF LATEST TRANSACTION
Control field 20231109100203.0
008 - FIXED-LENGTH DATA ELEMENTS--GENERAL INFORMATION
Fixed length control field 231109b |||||||| |||| 00| 0 eng d
020 ## - INTERNATIONAL STANDARD BOOK NUMBER / ISBN
Price Rs. 79.00
040 ## - CATALOGING SOURCE
Original cataloging agency SEACOMMC
082 ## - DEWEY DECIMAL CLASSIFICATION NUMBER
Classification number 004.35
Book Number RAJ
100 1# - MAIN ENTRY--PERSONAL NAME
Personal name Rajaraman, V.
245 1# - TITLE STATEMENT
Title Elements of parallel computing
Statement of responsibility V. Rajaraman
260 ## - IMPRINT
Place of publication New Delhi
Name of publisher Prentice-Hall
Date of publication 2004
650 ## - SUBJECT ADDED ENTRY--TOPICAL TERM
Topical term Computer science
942 ## - ADDED ENTRY ELEMENTS (KOHA)
Koha item type Books
Holdings
Withdrawn status Lost status Source of classification Damaged status Not for loan Home library Current library Date acquired Total Checkouts Call number Accession number Date last seen Price effective from Koha item type
    Dewey Decimal Classification     SEACOM MANAGEMENT COLLEGE SEACOM MANAGEMENT COLLEGE 19/09/2006   004.35 RAJ 05536 09/11/2023 09/11/2023 Books
© Seacom Engineering College, All rights reserved.    Powered by Koha